000 00912nas a2200277 4500
001 BR2014004476
003 BR-BrBNA
005 20231205124254.0
007 ta
008 230509b bl.|||p| |||| 00| 00por d
040 _aBR-BrBNA
_bpor
_cBiblioteca Nacional de Agricultura
041 _a(Pt)
072 _aE21
100 1 _aViana, F.L.E.
100 1 _aBarros Neto, J. de P.
100 1 _aAñez, M.E.M.
100 1 _aFernandes, J.A.L.
245 1 _aFontes de obtenção de vantagem competitiva em empresas industriais: uma análise nas indústrias têxtil e de calçados do Ceará
650 _aINDÚSTRIA TEXTIL
650 _aANÁLISE COMPARATIVA
650 _aANÁLISE DE DADOS
650 _aMERCADO
773 0 _tRevista Econômica do Nordeste (Brazil)
_xISSN 0100-4956
_g(Jul-Sep 2012), v. 43(3) p. 533-560
_wBR2014004476
909 _a202311
_bLúcia
_c55
_dLúcia Elande
942 _2AGRIS
_n0
_cANA
999 _c238223
_d238223